[Event "GER-ch U18 Girls"]
[Site "Oberhof"]
[Date "2012.05.30"]
[Round "6"]
[White "Serif, Amelie"]
[Black "Nolte, Katharina"]
[Result "1-0"]
[WhiteElo "1622"]
[BlackElo "1507"]
[PlyCount "45"]
[EventDate "2012.05.27"]
[EventType "swiss"]
[EventRounds "9"]
[EventCountry "GER"]
[SourceTitle "CBM 148 Extra"]
[Source "ChessBase"]
[SourceDate "2012.06.22"]
[SourceVersion "1"]
[SourceVersionDate "2012.06.22"]
[SourceQuality "1"]

1. e4 c5 2. Nf3 Nc6 3. Bb5 Nf6 4. Bxc6 bxc6 5. d3 d5 6. e5 Nd7 7. e6 fxe6 8. Bf4 g6 9. Ne5 Bg7 10. Qe2 Qb6 11. Nxd7 Bxd7 12. Be5 0-0 13. Bxg7 Kxg7 14. b3 Qb4+ 15. c3 Qf4 16. 0-0 Qf6 17. Qc2 a5 18. Nd2 Bc8 19. c4 Ba6 20. Nf3 Rab8 21. Qe2 Rb4 22. Ne5 Bb7 23. Nd7 1-0

[Event "BL2 Sued 1112 (Women)"]
[Site "Germany"]
[Date "2011.10.29"]
[Round "1.1"]
[White "Serif, Amelie"]
[Black "Vidonyak, Nellya"]
[Result "0-1"]
[WhiteElo "1606"]
[BlackElo "2161"]
[PlyCount "118"]
[EventDate "2011.10.29"]
[EventType "team-tourn"]
[EventRounds "7"]
[EventCountry "GER"]
[SourceTitle "EXT 2013"]
[Source "ChessBase"]
[SourceDate "2012.11.22"]
[SourceVersion "1"]
[SourceVersionDate "2012.11.22"]
[SourceQuality "1"]
[WhiteTeam "Mutterstadt (W)"]
[BlackTeam "Bayern Muenchen (W)"]
[WhiteTeamCountry "GER"]
[BlackTeamCountry "GER"]

1. Nc3 d5 2. e4 d4 3. Nce2 e5 4. Ng3 g6 5. Bc4 Nc6 6. d3 Na5 7. Bb3 Nxb3 8. axb3 Bb4+ 9. Bd2 Qe7 10. c3 Bd6 11. Nf3 dxc3 12. bxc3 Bg4 13. h3 Be6 14. Ng5 Bd7 15. 0-0 f6 16. Nf3 Qf7 17. Be3 Ne7 18. Qc2 0-0 19. Rfe1 c5 20. Rab1 Nc6 21. d4 cxd4 22. cxd4 Rfc8 23. Qe2 exd4 24. Nxd4 Re8 25. Qd1 Rad8 26. Qf3 Bb8 27. Rbd1 a6 28. Nxc6 Bxc6 29. Rxd8 Rxd8 30. Bh6 Re8 31. Bf4 Ba7 32. Qc3 Rd8 33. Be3 Bxe3 34. Qxe3 Re8 35. Qc3 Qe7 36. f3 Qe5 37. Qxe5 Rxe5 38. Kf2 Rc5 39. Re2 Bb5 40. Rd2 Rc3 41. Rb2 Kf7 42. Ne2 Rd3 43. Nf4 Rd1 44. Rc2 Bc6 45. Ke2 Rb1 46. Rc3 Rb2+ 47. Ke3 Ke7 48. g4 Kd6 49. Nd3 Ra2 50. Nb4 Rh2 51. Nxc6 bxc6 52. Kd4 Rxh3 53. Rd3 c5+ 54. Kc4+ Kc6 55. f4 Rh1 56. Re3 Rc1+ 57. Rc3 Rg1 58. e5 fxe5 59. fxe5 Rxg4+ 0-1

[Event "GER-ch U16 Girls"]
[Site "Oberhof"]
[Date "2011.06.14"]
[Round "5"]
[White "Wulf, Constanze"]
[Black "Serif, Amelie"]
[Result "1/2-1/2"]
[WhiteElo "1296"]
[BlackElo "1475"]
[PlyCount "63"]
[EventDate "2011.06.11"]
[EventType "swiss"]
[EventRounds "9"]
[EventCountry "GER"]
[SourceTitle "CBM 142 Extra"]
[Source "ChessBase"]
[SourceDate "2011.06.27"]
[SourceVersion "1"]
[SourceVersionDate "2011.06.27"]
[SourceQuality "1"]

1. d4 g6 2. Nf3 Bg7 3. e3 c5 4. c3 cxd4 5. exd4 Nf6 6. Be2 b6 7. 0-0 Bb7 8. Bf4 0-0 9. Nbd2 d6 10. Re1 Nc6 11. Qb3 e5 12. dxe5 dxe5 13. Bg5 h6 14. Bxf6 Qxf6 15. Bf1 Rad8 16. Rad1 Qe7 17. Ne4 Rxd1 18. Rxd1 Rd8 19. Rxd8+ Qxd8 20. Qc2 Ne7 21. Qd2 Qxd2 22. Nfxd2 Bd5 23. Bc4 Bxc4 24. Nxc4 f5 25. Ned6 Nc6 26. f3 Kf8 27. Nd2 Ke7 28. Nb5 a6 29. Na3 b5 30. Nc2 Kd6 31. Kf2 Kd5 32. Ke3 1/2-1/2

[Event "GER-ch U16 Girls"]
[Site "Oberhof"]
[Date "2011.06.12"]
[Round "2"]
[White "Serif, Amelie"]
[Black "Spiegelberg, Silvia"]
[Result "1/2-1/2"]
[WhiteElo "1475"]
[BlackElo "1799"]
[PlyCount "107"]
[EventDate "2011.06.11"]
[EventType "swiss"]
[EventRounds "9"]
[EventCountry "GER"]
[SourceTitle "CBM 142 Extra"]
[Source "ChessBase"]
[SourceDate "2011.06.27"]
[SourceVersion "1"]
[SourceVersionDate "2011.06.27"]
[SourceQuality "1"]

1. Nc3 d5 2. e4 dxe4 3. Nxe4 Qd5 4. Nc3 Qd6 5. Bc4 c6 6. Nf3 Bf5 7. 0-0 e6 8. Re1 Nf6 9. d3 Be7 10. Ne2 Nd5 11. Ng3 Bg4 12. h3 Bxf3 13. Qxf3 0-0 14. Bd2 Nd7 15. Bxd5 cxd5 16. d4 Qb6 17. Bc3 Nf6 18. Rab1 Rac8 19. Qd3 Rc4 20. b3 Rc6 21. Bd2 Rd8 22. c3 Bd6 23. Bg5 Bxg3 24. Qxg3 Kf8 25. Bxf6 gxf6 26. Re3 Qc7 27. Qh4 Rxc3 28. Rxc3 Qxc3 29. Qxf6 Rc8 30. Rd1 Qc2 31. Re1 Rc6 32. Re3 Rd6 33. Rf3 Qg6 34. Qxg6 hxg6 35. Rc3 Ke7 36. Rc7+ Rd7 37. Rxd7+ Kxd7 38. Kf1 f6 39. f4 Kc6 40. Ke2 Kb5 41. g4 g5 42. fxg5 fxg5 43. h4 gxh4 44. g5 h3 45. Kf3 e5 46. dxe5 d4 47. e6 Kc6 48. g6 d3 49. g7 d2 50. Ke2 h2 51. g8Q h1Q 52. Qc8+ Kd6 53. Qd7+ Ke5 54. Qxd2 1/2-1/2

[Event "GER-ch Schools U18 Girls"]
[Site "Germany"]
[Date "2010.05.07"]
[Round "2.2"]
[White "Serif, Amelie"]
[Black "Efinger, Leila"]
[Result "1-0"]
[WhiteElo "1371"]
[BlackElo "1113"]
[PlyCount "57"]
[EventDate "2010.05.07"]
[EventType "team-swiss"]
[EventRounds "7"]
[EventCountry "GER"]
[SourceTitle "EXT 2011"]
[Source "ChessBase"]
[SourceDate "2010.11.26"]
[SourceVersion "1"]
[SourceVersionDate "2010.11.26"]
[SourceQuality "1"]
[WhiteTeam "Ludwigshafen (W)"]
[BlackTeam "Mainz Gymn (W)"]
[WhiteTeamCountry "GER"]
[BlackTeamCountry "GER"]

1. Nc3 c6 2. e4 d5 3. d4 dxe4 4. Nxe4 Bf5 5. Ng3 Bg6 6. Bc4 e6 7. Nf3 Nf6 8. Ne5 Be7 9. Nxg6 hxg6 10. Be3 Nbd7 11. Qf3 Qb6 12. Bb3 Rd8 13. d5 Qa5+ 14. Bd2 Qc5 15. dxe6 fxe6 16. 0-0-0 Nd5 17. Qe4 Nf8 18. f3 Kd7 19. Bxd5 cxd5 20. Qa4+ Kc8 21. Bf4 Bd6 22. Bxd6 Rxd6 23. Rd3 Nd7 24. Rc3 Ra6 25. Rxc5+ Nxc5 26. Qd4 Ra5 27. b4 Rxa2 28. Qxc5+ Kb8 29. Qd6+ 1-0